| 000 | 01557nam a2200265Ia 4500 | ||
|---|---|---|---|
| 003 | Ost | ||
| 005 | 20260507075424.0 | ||
| 008 | 260507s9999||||xx |||||||||||||| ||und|| | ||
| 020 | _a97897099579 | ||
| 040 | _cfsecg | ||
| 041 | _aara | ||
| 082 | _a330 | ||
| 100 |
_aسمحان، حسين محمد _eمؤلف |
||
| 245 | 0 |
_aتمويل المشروعات الصغيرة و المتوسطة : _bبين التمويل الإسلامي و التقليدي / _c حسين محمد سمحان |
|
| 260 |
_aعمان: _bدار المسيرة, _c2015 |
||
| 300 |
_a310 صفحة؛ _bإيضاحات ؛ _c25 سم |
||
| 504 | _aالمراجع ص.303 | ||
| 520 | _aيضم ماهية المشروعات الصغيرة، مصادر تمويل المشروعات الصغيرة، التمويل المصرفي للمشروعات الصغيرة، التحليل المالي بهدف إقراض المشروع الصغير، دراسات الجدوى المالية للمشروع الصغير، تمويل المشروعات الصغيرة بأسلوب التأجير التمويلي و التأجير المنتهي بالتمليك، أساليب التمويل الإسلامي الأخرى للمشروعات الصغيرة ، واقع تمويل المشروعات الصغيرة في الأردن . | ||
| 653 | _aالإقتصاد الإسلامي | ||
| 653 | _aالتمويل | ||
| 653 | _aالمشاريع | ||
| 653 | _aالمشاريع الصغيرة- تمويل | ||
| 700 |
_aالعساف، أحمد عارف _eمؤلف ثانوي |
||
| 942 | _cكتاب | ||
| 999 |
_c44478 _d44478 |
||